Online katalóg knižníc regiónu Turca

Tajná láska (Record no. 22243)

MARC details
000 -LEADER
fixed length control field 01585cam a2200433 a 4500
001 - CONTROL NUMBER
control field 22243
003 - CONTROL NUMBER IDENTIFIER
control field VRT
005 - DATE AND TIME OF LATEST TRANSACTION
control field 20260323145058.0
008 - FIXED-LENGTH DATA ELEMENTS--GENERAL INFORMATION
fixed length control field 240314s1999 xo ra 000 f slo
015 ## - NATIONAL BIBLIOGRAPHY NUMBER
National bibliography number SNBA1999/08-02872
020 ## - INTERNATIONAL STANDARD BOOK NUMBER
International Standard Book Number 802200815X
035 ## - SYSTEM CONTROL NUMBER
System control number SNK000314227
035 ## - SYSTEM CONTROL NUMBER
System control number urn:nbn:sk:snk-amkja2
035 ## - SYSTEM CONTROL NUMBER
System control number urn:nbn:sk:snk-am003avl
035 ## - SYSTEM CONTROL NUMBER
System control number 2BF7CD19-ED4A-4EBC-BE92-4D64A6B90BE1
039 #9 - LEVEL OF BIBLIOGRAPHIC CONTROL AND CODING DETAIL [OBSOLETE]
Level of rules in bibliographic description 202411270519
Level of effort used to assign nonsubject heading access points AUTHORITY
Level of effort used to assign subject headings 202406221007
Level of effort used to assign classification csnk01
Level of effort used to assign subject headings 202406221006
Level of effort used to assign classification csnk01
Level of effort used to assign subject headings 202403141358
Level of effort used to assign classification VLOAD
040 ## - CATALOGING SOURCE
Original cataloging agency SNK
Language of cataloging slo
Transcribing agency SNK
Description conventions AACR2
041 1# - LANGUAGE CODE
Language code of text/sound track or separate title slo
Language code of original eng
044 ## - COUNTRY OF PUBLISHING/PRODUCING ENTITY CODE
MARC country code xo
ISO country code SK
072 #7 - SUBJECT CATEGORY CODE
Subject category code 821.111-3
Subject category code subdivision Anglická próza, anglicky písaná
Source konspekt
080 ## - UNIVERSAL DECIMAL CLASSIFICATION NUMBER
Universal Decimal Classification number 821.111-31
Edition identifier 2011
100 1# - MAIN ENTRY--PERSONAL NAME
Personal name Bradford, Barbara Taylor,
Dates associated with a name 1933-2024
Relationship aut
240 12 - UNIFORM TITLE
Uniform title A secret affair
Language of a work Slovensky
245 10 - TITLE STATEMENT
Title Tajná láska
Statement of responsibility, etc. Barbara Taylor Bradfordová ; preklad Anna Rácová
260 ## - PUBLICATION, DISTRIBUTION, ETC.
Place of publication, distribution, etc. Bratislava
Name of publisher, distributor, etc. Slovenský spisovateľ
Date of publication, distribution, etc. 1999
300 ## - PHYSICAL DESCRIPTION
Extent 96 s.
Dimensions 21 cm
500 ## - GENERAL NOTE
General note Preložené z angličtiny
655 #7 - INDEX TERM--GENRE/FORM
Genre/form data or focus term anglické romány
Source of term SNKPH
655 #7 - INDEX TERM--GENRE/FORM
Genre/form data or focus term ľúbostné romány
Source of term SNKPH
700 1# - ADDED ENTRY--PERSONAL NAME
Personal name Rácová, Anna,
Dates associated with a name 1946-
Relationship trl
942 ## - ADDED ENTRY ELEMENTS (KOHA)
Source of classification or shelving scheme Dewey Decimal Classification
Koha item type Krásna literatúra pre dospelých
Suppress in OPAC No
949 ## - LOCAL PROCESSING INFORMATION (OCLC)
6 2889119619
a savukPV 1659
949 ## - LOCAL PROCESSING INFORMATION (OCLC)
6 270001000011145
a svkbbA 98964
p 624.444
949 ## - LOCAL PROCESSING INFORMATION (OCLC)
6 273K0104231
a svkpoA 174654
b svkpo434982
949 ## - LOCAL PROCESSING INFORMATION (OCLC)
6 17A0191146
9 P60, <03>, [BOOK], {603}
a snkSC 98437
b snkKSP 4361/99
s 6100:20140925
949 ## - LOCAL PROCESSING INFORMATION (OCLC)
6 17A0191148
9 P60, <05>, [BOOK], {605}
a snkSC 98437 D1
b snkKSP 4362/99
Holdings
Stav vyradenia Strata Poškodenie Spôsob nadobudnutia Domovská knižnica Aktuálna knižnica Dátum nadobudnutia Total checkouts Čiarový kód exemplára Date last seen Typ exemplára
      Dar Obecná knižnica Horná Štubňa Obecná knižnica Horná Štubňa 23.03.2026   9788022008150 23.03.2026 Krásna literatúra pre dospelých
Projekt je podporený Slovenskou asociáciou knižníc
Prevádzkuje Turčianska knižnica Martin 2026